[Event "Tourn. n9400"]
[Site "www.chess-mail.com"]
[Date "2017.06.20"]
[Round "1"]
[White "Astroboy"]
[Black "Orhany24"]
[WhiteElo "2079"]
[BlackElo "2240"]
[Result "1-0"]
[Round "1"]
1.e4 e5
2.f4 exf4
3.Ng1f3 d5
4.exd5 Qd8xd5
5.Nb1c3 Qd5d8
6.d4 Bf8d6
7.Bf1c4 Ng8f6
8.O-O O-O
9.Qd1d3 c5
10.Nf3g5 h6
11.Ng5xf7 Rf8xf7
12.Bc1xf4 Nb8c6
13.Qd3g6 Bd6xf4
14.Qg6xf7 Kh8
15.Rf1xf4 Nc6xd4
16.Ra1f1 { resign }
1-0

[Event "Tourn. n9332"]
[Site "www.chess-mail.com"]
[Date "2017.06.20"]
[Round "1"]
[White "Seger"]
[Black "Numanoid"]
[WhiteElo "2680"]
[BlackElo "2500"]
[Result "1-0"]
[Round "1"]
1.e4 e6
2.d4 d5
3.Nb1d2 Bf8e7
4.e5 c5
5.Bf1d3 cxd4
6.Nd2b3 Nb8c6
7.f4 Bc8d7
8.Ng1f3 Ng8h6
9.O-O O-O
10.Nf3xd4 a5
11.a4 Nc6xd4
12.Nb3xd4 f6
13.Kh1 fxe5
14.fxe5 Rf8xf1
15.Qd1xf1 Be7c5
16.Bc1xh6 gxh6
17.c3 Qd8g5
18.Bd3b5 Ra8f8
19.Qf1e1 Bd7xb5
20.Nd4xe6 { resign }
1-0

[Event "Tourn. n9387"]
[Site "www.chess-mail.com"]
[Date "2017.06.20"]
[Round "1"]
[White "Prize64"]
[Black "Picifarkinca"]
[WhiteElo "2170"]
[BlackElo "2020"]
[Result "0-1"]
[Round "1"]
1.e4 c6
2.d4 d5
3.Nb1d2 dxe4
4.Nd2xe4 Bc8f5
5.Ne4g3 Bf5g6
6.h4 h6
7.Ng1f3 e6
8.h5 Bg6h7
9.Bf1d3 Bh7xd3
10.Qd1xd3 Ng8f6
11.Bc1f4 Nb8d7
12.O-O-O Nf6d5
13.Bf4d2 b5
14.Rh1e1 Bf8e7
15.Kb1 O-O
16.Ng3e4 a5
17.g4 b4
18.Re1g1 Qd8b6
 { time }
0-1

[Event "Match"]
[Site "www.echecsemail.com"]
[Date "2017.06.20"]
[Round "1"]
[White "Cjood"]
[Black "Mrmoto"]
[WhiteElo "1840"]
[BlackElo "1690"]
[Result "1-0"]
[Round "1"]
1.e4 e6
2.d4 d5
3.e5 c5
4.dxc5 Bf8xc5
5.Ng1f3 a6
6.Bf1d3 Qd8b6
7.O-O Nb8c6
8.b3 Ng8e7
9.a3 Bc8d7
10.c3 O-O-O
11.b4 Bc5xf2
12.Rf1xf2 Kb8
13.Qd1e1 f6
14.Bc1e3 Qb6c7
15.exf6 gxf6
16.a4 e5
17.a5 Rh8g8
18.Be3b6 Qc7d6
19.Bb6xd8 Nc6xd8
20.Bd3xh7 Rg8g7
21.Bh7c2 Ne7g6
22.Bc2xg6 Rg7xg6
23.Nb1d2 Bd7h3
24.Nf3h4 Rg6g8
25.Kh1 Bh3e6
26.Rf2xf6 d4
27.Nh4f5 Qd6c6
28.Nd2e4 dxc3
29.Nf5e7 Qc6e8
30.Ne7xg8 Be6xg8
31.Qe1xc3 Nd8c6
32.Ra1f1 Ka7
33.Qc3c5 Ka8
34.Rf6f8 { resign }
1-0

[Event "Match"]
[Site "www.echecsemail.com"]
[Date "2017.06.20"]
[Round "1"]
[White "Kingbobby"]
[Black "Motorhead99"]
[WhiteElo "1499"]
[BlackElo "1770"]
[Result "0-1"]
[Round "1"]
1.e4 d6
2.d4 Ng8f6
3.Nb1c3 Nb8d7
4.Bf1e2 e5
5.Ng1f3 Bf8e7
6.O-O c6
7.dxe5 dxe5
8.Bc1e3 h6
9.Qd1d3 Qd8c7
10.Nf3d2 Nd7b6
11.Nd2b3 Bc8e6
12.Be3xb6 axb6
13.Qd3g3 g5
14.Ra1d1 h5
15.Nb3d4 h4
16.Nd4xe6 fxe6
17.Qg3xg5 Rh8g8
 { time }
0-1

[Event "Match"]
[Site "www.echecsemail.com"]
[Date "2017.06.20"]
[Round "1"]
[White "Mrmoto"]
[Black "Sonny1000"]
[WhiteElo "1690"]
[BlackElo "1400"]
[Result "1-0"]
[Round "1"]
1.e4 e5
2.Ng1f3 f6
3.Nf3xe5 Qd8e7
4.Ne5f3 a6
5.d3 Nb8c6
6.Nb1c3 Qe7c5
7.Bc1e3 Qc5h5
8.Bf1e2 Qh5g4
9.Rh1g1 Nc6b4
10.Nf3d4 d6
11.Be2xg4 Bc8xg4
12.Qd1xg4 h5
13.Qg4e6 Bf8e7
14.Nd4f5 Nb4xc2
15.Kd2 Nc2xa1
16.Rg1xa1 Kf8
17.Ra1c1 h4
18.Nc3d5 Ra8d8
19.Rc1xc7 h3
20.g3 g6
21.Be3h6 Ng8xh6
22.Qe6xe7 Kg8
23.Qe7g7 { resign }
1-0

[Event "Match"]
[Site "www.echecsemail.com"]
[Date "2017.06.20"]
[Round "1"]
[White "Gambitmiau"]
[Black "Ketchuplover"]
[WhiteElo "2030"]
[BlackElo "1770"]
[Result "0-1"]
[Round "1"]
1.e4 e6
2.d4 d5
3.e5 a6
4.Ng1f3 c5
5.c3 cxd4
6.Nf3xd4 Nb8c6
7.Bf1d3 Nc6xe5
8.Bc1f4 Ne5xd3
9.Qd1xd3 Ng8f6
10.O-O Bf8d6
11.Bf4xd6 Qd8xd6
12.Rf1e1 O-O
13.Nb1d2 Bc8d7
14.Nd4f3 b5
15.Nd2e4 Nf6xe4
16.Re1xe4 f5
17.Re4e5 g6
18.b3 a5
19.c4 bxc4
20.bxc4 Ra8c8
21.h4 Rc8xc4
22.Ra1e1 Rc4e4
23.Re5xe4 fxe4
24.Re1xe4 Rf8c8
25.Nf3g5 Rc8c1
{ resign }
0-1

[Event "Match"]
[Site "www.echecsemail.com"]
[Date "2017.06.20"]
[Round "1"]
[White "Liencam2"]
[Black "Hundegana"]
[WhiteElo "2340"]
[BlackElo "2100"]
[Result "1-0"]
[Round "1"]
1.e4 c5
2.Nb1c3 a6
3.Ng1f3 b6
4.d4 Qd8c7
5.Bc1e3 Bc8b7
6.dxc5 bxc5
7.Bf1c4 e6
8.O-O Bf8e7
9.Qd1d2 d6
10.Nf3g5 h6
11.Ng5h3 Nb8c6
12.f4 Ng8f6
13.Kh1 Ra8d8
14.Qd2f2 Nc6a5
15.Bc4e2 Nf6xe4
16.Nc3xe4 O-O
17.Ne4c3 d5
18.Be3d2 Na5c4
19.Be2xc4 dxc4
20.Ra1d1 Qc7c6
21.Nh3g1 Be7h4
22.Qf2e2 Rd8d7
23.Ng1f3 Bh4f6
24.Bd2e3 Rf8d8
25.Rd1xd7 Rd8xd7
26.Qe2f2 Bf6d4
27.Be3xd4 cxd4
28.Nf3e5 Qc6c7
29.Ne5xd7 Qc7xd7
30.Nc3e2 d3
31.Rf1d1 Qd7b5
32.cxd3 cxd3
33.Ne2c1 Bb7e4
34.Qf2d2 g6
35.Nc1xd3 Be4xd3
36.Qd2xd3 Qb5xb2
37.Qd3xa6 Qb2c2
38.Rd1f1 Qc2b2
39.a4 Kg7
40.Qa6b5 Qb2c3
41.a5 h5
42.Qb5e5 Qc3xe5
43.fxe5 g5
44.a6 Kg6
45.a7 g4
46.a8Q h4
47.Qa8g8 Kh5
48.Qg8xf7 Kg5
49.Rf1f6 h3
50.Rf6g6 Kh5
51.Qf7h7 { resign }
1-0

[Event "1/128 Finale"]
[Site "www.chess-mail.com"]
[Date "2017.06.20"]
[Round "1"]
[White "Odrum1"]
[Black "Sorento"]
[WhiteElo "1310"]
[BlackElo "2450"]
[Result "0-1"]
[Round "1"]
1.e4 c5
2.Ng1f3 d6
3.d4 cxd4
4.Nf3xd4 g6
5.Nb1c3 Bf8g7
6.Bc1e3 Ng8f6
7.Bf1c4 O-O
8.Qd1f3 Nb8c6
9.O-O-O Nc6e5
10.Qf3e2 Ne5xc4
11.Qe2xc4 a6
12.Rd1g1 b5
13.Qc4d3 Bc8b7
14.f3 b4
15.Nc3e2 e5
16.Nd4b3 a5
17.Nb3d2 Bb7a6
18.Nd2c4 d5
19.exd5 Qd8xd5
20.Qd3b3 Ba6xc4
21.Qb3a4 Bc4xe2
22.Rg1e1 Be2b5
23.Qa4b3 Bb5c4
 { time }
0-1

[Event "1/32 Finale"]
[Site "www.chess-mail.com"]
[Date "2017.06.20"]
[Round "1"]
[White "Paulsyd"]
[Black "Mitja"]
[WhiteElo "2330"]
[BlackElo "2020"]
[Result "1-0"]
[Round "1"]
1.e4 d5
2.exd5 Qd8xd5
3.Nb1c3 Qd5d8
4.d4 e6
5.Ng1f3 h6
6.Bf1d3 c6
7.Nf3e5 Nb8d7
8.O-O Ng8f6
9.Rf1e1 Qd8c7
10.Qd1f3 Nd7xe5
11.dxe5 Nf6d5
12.Nc3e4 b6
13.a3 Bc8b7
14.c4 f5
15.exf6 Nd5xf6
16.Ne4xf6 gxf6
17.Re1xe6 Kd7
18.Bd3f5 Kd8
19.Qf3d3 { resign }
1-0

[Event "Fast Game"]
[Site "www.echecsemail.com"]
[Date "2017.06.20"]
[Round "1"]
[White "Falcao"]
[Black "Hennie4820"]
[WhiteElo "1599"]
[BlackElo "1630"]
[Result "1-0"]
[Round "1"]
1.e4 c5
2.Ng1f3 e6
3.d4 cxd4
4.Nf3xd4 Ng8f6
5.Nb1c3 Qd8b6
6.Bf1e2 Bf8c5
7.Nc3a4 Qb6a5
8.Na4c3 Nb8c6
9.Nd4xc6 bxc6
10.O-O d5
11.Bc1d2 Qa5c7
12.exd5 cxd5
13.Be2b5 Bc8d7
14.Bd2g5 Bc5e7
15.Rf1e1 O-O
16.Bb5xd7 Qc7xd7
17.Qd1f3 Ra8b8
{ time. }
1-0

[Event "Fast Game"]
[Site "www.echecsemail.com"]
[Date "2017.06.20"]
[Round "1"]
[White "Madz123456"]
[Black "86eamon"]
[WhiteElo "1749"]
[BlackElo "1599"]
[Result "1-0"]
[Round "1"]
1.e4 a6
2.d4 d6
3.Ng1f3 Bc8g4
4.h3 Bg4xf3
5.Qd1xf3 b5
6.a4 b4
7.Bf1c4 e6
8.d5 e5
9.Bc1d2 a5
10.Bc4b5 Ke7
11.c3 f6
12.Qf3g4 h5
13.Qg4e6 { time. }
1-0

[Event "Fast Game"]
[Site "www.echecsemail.com"]
[Date "2017.06.20"]
[Round "1"]
[White "Olivia"]
[Black "Cjood"]
[WhiteElo "1599"]
[BlackElo "1780"]
[Result "0-1"]
[Round "1"]
1.e4 e5
2.Ng1f3 Nb8c6
3.d4 d6
4.d5 Nc6b8
5.Bf1b5 c6
6.dxc6 bxc6
7.Bb5c4 Ng8f6
8.Nf3g5 d5
9.exd5 cxd5
10.Bc4e2 Bf8c5
11.c4 d4
12.Be2h5 O-O
13.Qd1c2 g6
14.Bh5f3 e4
15.Ng5xe4 Nf6xe4
16.Bf3xe4 Rf8e8
 { time }
0-1

[Event "Fast Game"]
[Site "www.echecsemail.com"]
[Date "2017.06.20"]
[Round "1"]
[White "Whitebishop"]
[Black "Olivia"]
[WhiteElo "1599"]
[BlackElo "1599"]
[Result "1-0"]
[Round "1"]
1.d4 d5
2.c4 Ng8f6
3.cxd5 Nf6xd5
4.Ng1f3 Nb8c6
5.e4 Nd5b4
6.d5 Nc6b8
7.Qd1a4 Nb4c6
8.dxc6 Nb8xc6
9.Nf3e5 Bc8d7
10.Ne5xd7 Qd8xd7
11.Bf1b5 O-O-O
12.Bb5xc6 bxc6
13.Bc1e3  { time }
1-0

[Event "Tourn. n9418"]
[Site "www.chess-mail.com"]
[Date "2017.06.21"]
[Round "1"]
[White "Fantomas"]
[Black "Redabond"]
[WhiteElo "1670"]
[BlackElo "1600"]
[Result "1-0"]
[Round "1"]
1.e4 e5
2.Ng1f3 Nb8c6
3.Bf1c4 h6
4.O-O Bf8c5
5.c3 Ng8f6
6.b4 Bc5b6
7.d3 d5
8.exd5 Nf6xd5
9.Rf1e1 O-O
10.Bc4xd5 Qd8xd5
11.c4 Qd5d8
12.c5 Nc6xb4
13.cxb6 cxb6
14.Re1e3 f6
15.Qd1b3 Kh8
16.Qb3xb4 a5
17.Qb4c3 Bc8g4
18.Nb1d2 Ra8c8
19.Qc3b3 Rc8c6
20.Bc1a3 Rf8e8
21.h3 Bg4e6
22.Qb3b2 Be6d5
23.Ra1e1 Qd8c8
24.Nf3d4 Rc6c7
25.f4 Rc7c5
26.Ba3xc5 bxc5
27.Nd4b5 Qc8f5
28.Nb5c7 Re8d8
29.Nc7xd5 Rd8xd5
30.fxe5 fxe5
31.Re3xe5 Rd5xe5
32.Qb2xe5 Qf5xd3
33.Qe5e8 Kh7
34.Qe8e4 Qd3xe4
35.Re1xe4 Kg6
36.Kf2 { resign }
1-0

[Event "Tourn. n9418"]
[Site "www.chess-mail.com"]
[Date "2017.06.21"]
[Round "1"]
[White "Madz123456"]
[Black "Fantomas"]
[WhiteElo "1830"]
[BlackElo "1670"]
[Result "1-0"]
[Round "1"]
1.e4 c5
2.Ng1f3 Nb8c6
3.d4 cxd4
4.Nf3xd4 d6
5.c4 Ng8f6
6.Nb1c3 e6
7.Bf1e2 Bf8e7
8.O-O O-O
9.Bc1e3 Qd8d7
10.f4 e5
11.Nd4f5 Rf8d8
12.Nc3d5 Nf6e8
13.Be2g4 { resign }
1-0

[Event "Tourn. n9348"]
[Site "www.chess-mail.com"]
[Date "2017.06.21"]
[Round "1"]
[White "Prize64"]
[Black "Andychesston"]
[WhiteElo "2100"]
[BlackElo "1970"]
[Result "0-1"]
[Round "1"]
1.e4 e5
2.Ng1f3 Nb8c6
3.Bf1b5 d6
4.c3 Bc8g4
5.h3 Bg4h5
6.d3 Bf8e7
7.Nb1d2 Ng8f6
8.Nd2f1 O-O
9.Nf1g3 Bh5g6
10.O-O Kh8
11.Nf3h4 a6
12.Bb5a4 Nf6g8
13.Nh4f5 b5
14.Ba4b3 Nc6a5
15.Bb3c2 Be7g5
16.Qd1f3 Bg5xc1
17.Ra1xc1 Na5c6
18.Nf5e3 Nc6e7
19.d4 Qd8d7
20.dxe5 dxe5
21.Rf1d1 Qd7c6
22.h4 f5
23.exf5 Qc6xf3
24.gxf3 Bg6f7
25.Ne3g4 Bf7d5
26.Bc2e4 c6
27.Be4xd5 { time. }
0-1

[Event "Tourn. n9232"]
[Site "www.chess-mail.com"]
[Date "2017.06.21"]
[Round "1"]
[White "Dimos40"]
[Black "Stepanpech"]
[WhiteElo "2350"]
[BlackElo "2220"]
[Result "1/2-1/2"]
[Round "1"]
1.e4 e5
2.Ng1f3 Nb8c6
3.d4 exd4
4.Nf3xd4 Bf8c5
5.Nd4xc6 Qd8f6
6.Qd1f3 dxc6
7.Nb1c3 Bc8e6
8.Bc1e3 Qf6xf3
9.gxf3 Bc5xe3
10.fxe3 Ng8f6
11.Rh1g1 g6
12.Bf1d3 Ke7
13.Kf2 Rh8d8
14.Ra1d1 Nf6d7
15.Bd3e2 a5
16.h4 b5
17.b3 a4
18.Rd1d4 c5
19.Rd4d2 c6
20.Rg1d1 axb3
21.axb3 f6
22.Rd2d6 Nd7e5
23.Rd6xd8 Ra8xd8
24.Rd1xd8 Kxd8
25.f4 Ne5f7
26.Nc3b1 Nf7d6
27.Nb1d2 c4
28.bxc4 bxc4
29.Kf3 Kd7
30.c3 Ke7
31.Kf2 Nd6b5
32.Nd2b1 f5
33.Be2f3 Kd7
34.e5 Be6d5
35.Bf3xd5 cxd5
36.Kg3 h5
37.Kf3 Ke6
38.Kg3 Ke7
{ draw }
1/2-1/2

[Event "Tourn. n9407"]
[Site "www.chess-mail.com"]
[Date "2017.06.21"]
[Round "1"]
[White "Falcao"]
[Black "Albertf"]
[WhiteElo "1799"]
[BlackElo "1860"]
[Result "1-0"]
[Round "1"]
1.e4 e5
2.Ng1f3 Nb8c6
3.Bf1b5 a6
4.Bb5a4 Ng8f6
5.O-O Bf8c5
6.Rf1e1 O-O
7.d3 d5
8.Bc1g5 Bc5e7
9.Ba4xc6 bxc6
10.Nf3xe5 Bc8b7
11.Nb1c3 dxe4
12.Nc3xe4 Nf6xe4
13.Bg5xe7 Qd8xe7
14.Re1xe4 Qe7g5
15.Qd1e2 Ra8e8
16.Ra1e1 c5
17.Ne5d7 { resign }
1-0

[Event "Tourn. n9408"]
[Site "www.chess-mail.com"]
[Date "2017.06.21"]
[Round "1"]
[White "Astroboy"]
[Black "Geretree"]
[WhiteElo "1959"]
[BlackElo "1970"]
[Result "1-0"]
[Round "1"]
1.e4 e5
2.Ng1f3 Nb8c6
3.Bf1c4 h6
4.d4 exd4
5.Nf3xd4 Qd8f6
6.Bc1e3 Bf8c5
7.c3 Bc5xd4
8.cxd4 a6
9.Nb1c3 d6
10.Qd1d2  { time }
1-0

[Event "Tourn. n9396"]
[Site "www.chess-mail.com"]
[Date "2017.06.21"]
[Round "1"]
[White "Francesco"]
[Black "Lightning"]
[WhiteElo "2100"]
[BlackElo "2270"]
[Result "0-1"]
[Round "1"]
1.e4 d5
2.exd5 Qd8xd5
3.c4 Qd5a5
4.Nb1c3 e5
5.d4 exd4
6.Qd1xd4 Nb8c6
7.Qd4d5 Bc8e6
8.Qd5xa5 Nc6xa5
9.b3 Bf8b4
10.Bc1b2 O-O-O
11.Ng1f3 Ng8f6
12.Bf1e2 Rh8e8
13.O-O Be6g4
14.Rf1e1 Bg4xf3
15.Be2xf3 Re8xe1
16.Ra1xe1 Rd8d2
17.Re1e2 Rd2xb2
{ resign }
0-1

[Event "Tourn. n9403"]
[Site "www.chess-mail.com"]
[Date "2017.06.21"]
[Round "1"]
[White "Azulmarino"]
[Black "Madz123456"]
[WhiteElo "1540"]
[BlackElo "1670"]
[Result "0-1"]
[Round "1"]
1.e4 c5
2.c4 Nb8c6
3.Ng1f3 e5
4.d3 f5
5.Bc1g5 Bf8e7
6.exf5 Be7xg5
7.Bf1e2 Bg5h6
8.Nb1c3 d6
9.g4 g6
10.Nc3d5 gxf5
11.h3 Ng8e7
12.Nd5f6 Kf7
13.Nf6h5 Rh8g8
14.gxf5 Ne7xf5
15.Rh1g1 Nf5d4
16.Nf3xd4 Rg8xg1
17.Be2f1 Qd8a5
18.Ke2 Nc6xd4
{ resign }
0-1

[Event "Tourn. n9387"]
[Site "www.chess-mail.com"]
[Date "2017.06.21"]
[Round "1"]
[White "Prize64"]
[Black "Hundegana"]
[WhiteElo "2170"]
[BlackElo "2000"]
[Result "0-1"]
[Round "1"]
1.e4 c5
2.Ng1f3 d6
3.d4 Bc8d7
4.dxc5 Qd8a5
5.Bc1d2 Qa5xc5
6.Bf1d3 e5
7.O-O Ng8e7
8.Bd2e3 Qc5c8
9.Nb1c3 a6
10.a4 Ne7g6
11.Nc3d5 Ng6e7
12.Nd5b6 Qc8c6
13.Nb6xa8 h5
14.Na8b6 f6
15.Nb6xd7 Nb8xd7
16.b4 g5
17.b5 { time. }
0-1

[Event "Tourn. n9289"]
[Site "www.chess-mail.com"]
[Date "2017.06.21"]
[Round "1"]
[White "Danquigley"]
[Black "Numanoid"]
[WhiteElo "2559"]
[BlackElo "2420"]
[Result "1-0"]
[Round "1"]
1.e4 d6
2.d4 Ng8f6
3.f3 c5
4.dxc5 Qd8a5
5.Nb1c3 Qa5xc5
6.Qd1d3 a6
7.Bc1e3 Qc5a5
8.O-O-O Nb8c6
9.Kb1 Bc8e6
10.Qd3d2 Ra8c8
11.Ng1e2 g6
12.Ne2f4 Bf8g7
13.Nf4xe6 fxe6
14.Nc3e2 Qa5xd2
15.Be3xd2 Kf7
16.g3 Rc8c7
17.Ne2f4 Rh8c8
18.Bf1h3 Nc6d8
19.c3 Nf6d7
20.Nf4d3 Nd7e5
21.Nd3xe5 Bg7xe5
22.f4 Be5f6
23.Rh1f1 Ke8
24.Rf1e1 Kd7
25.e5 Bf6g7
26.exd6 exd6
27.Bd2e3 Rc7c6
28.Bh3g2 d5
29.g4 Rc6d6
30.f5 gxf5
31.gxf5 d4
32.fxe6 Nd8xe6
33.cxd4 Rd6b6
34.b3 { resign }
1-0

[Event "Match"]
[Site "www.echecsemail.com"]
[Date "2017.06.21"]
[Round "1"]
[White "Mrynmryn"]
[Black "Coraza8091"]
[WhiteElo "1720"]
[BlackElo "1450"]
[Result "0-1"]
[Round "1"]
1.Ng1f3 e6
2.d4 d5
3.Bc1f4 Nb8c6
4.e3 Bf8b4
5.Nb1d2 Bb4xd2
6.Qd1xd2 a6
7.c4 g5
8.Bf4g3 h6
9.Bf1d3 Ng8f6
10.O-O dxc4
11.Bd3xc4 b5
12.Bc4e2 Nf6e4
13.Qd2c2 Qd8d5
14.Rf1c1 Bc8b7
15.Be2d3 Ne4xg3
16.hxg3 g4
 { time }
0-1

[Event "Match"]
[Site "www.echecsemail.com"]
[Date "2017.06.21"]
[Round "1"]
[White "Cal"]
[Black "Carazo"]
[WhiteElo "1710"]
[BlackElo "1610"]
[Result "0-1"]
[Round "1"]
1.c4 e5
2.e4 Ng8f6
3.d3 Bf8b4
4.Bc1d2 Qd8e7
5.a3 Bb4xd2
6.Nb1xd2 Nb8c6
7.h3 b6
8.Ng1f3 Bc8b7
9.Bf1e2 O-O-O
10.O-O Nf6h5
11.Nf3h2 Qe7g5
12.Be2xh5 f5
13.exf5 Qg5xf5
14.Nd2e4 Nc6d4
15.Bh5g4 Qf5f8
16.f3 h5
17.Bg4xd7 Rd8xd7
18.b4 Nd4f5
19.Ne4g5 Qf8f6
20.Ng5e4 Qf6c6
21.b5 Qc6g6
22.Rf1f2 Bb7xe4
23.fxe4 Nf5e3
24.Qd1f3 Rd7xd3
25.Rf2e2 Qg6g5
26.Nh2f1 Rh8h6
27.Re2xe3 Rd3d6
28.a4 Rd6f6
29.Qf3e2 Rh6g6
30.g3 h4
31.g4 Rf6f7
32.Nf1d2 Rg6d6
33.Ra1d1 Rf7d7
34.a5 bxa5
35.c5 Rd6d4
36.Kg2 a4
37.Nd2f3 Qg5f4
38.Nf3xh4 Rd4xd1
39.Nh4g6 Qf4f6
40.Kg3 Qf6xg6
41.Qe2f2 Rd7d2
42.Qf2f8 Kb7
43.b6 Rd2d8
44.Qf8f2 a6
45.Qf2b2 c6
46.Qb2xe5 Rd1g1
47.Kh2 Qg6f7
48.Re3e2 Rd8e8
49.Qe5d4 Rg1f1
50.e5 Rf1f4
51.Qd4d6 Re8e7
52.Qd6d8 Re7e8
53.Qd8d3 Rf4f3
54.Qd3d1 Qf7f4
55.Kh1 Rf3f1
56.Qd1xf1 Qf4xf1
{ resign }
0-1

[Event "Tourn. n9405"]
[Site "www.chess-mail.com"]
[Date "2017.06.22"]
[Round "1"]
[White "Roque1"]
[Black "Astroboy"]
[WhiteElo "2020"]
[BlackElo "1959"]
[Result "1/2-1/2"]
[Round "1"]
1.e4 c6
2.d4 d5
3.Bf1d3 dxe4
4.Bd3xe4 Ng8f6
5.Be4f3 Bc8f5
6.Bc1e3 Nb8d7
7.Ng1e2 e5
8.c3 e4
9.Bf3xe4 Bf5xe4
10.O-O Bf8d6
11.Nb1d2 Be4g6
12.Nd2f3 O-O
13.b4 a6
14.a4 Rf8e8
15.Qd1d2 Nd7b6
16.Qd2a2 Nb6d5
17.Qa2d2 a5
18.Be3g5 axb4
19.cxb4 Nf6e4
20.Qd2c1 Ne4xg5
21.Nf3xg5 Re8xe2
22.Ng5f3 Nd5xb4
{ draw }
1/2-1/2

[Event "Tourn. n9358"]
[Site "www.chess-mail.com"]
[Date "2017.06.22"]
[Round "1"]
[White "Rookie"]
[Black "Odrum1"]
[WhiteElo "1380"]
[BlackElo "1310"]
[Result "1-0"]
[Round "1"]
1.e4 c6
2.Nb1c3 e5
3.Bf1c4 Bf8c5
4.Qd1f3 Ng8f6
5.d3 d6
6.Ng1e2 O-O
7.Bc1e3 Bc8g4
8.Qf3g3 Nb8d7
9.O-O-O Qd8a5
10.d4 exd4
11.Qg3xg4 Nf6xg4
12.Ne2xd4  { time }
1-0

[Event "Tourn. n9408"]
[Site "www.chess-mail.com"]
[Date "2017.06.22"]
[Round "1"]
[White "Geretree"]
[Black "Claymil"]
[WhiteElo "1970"]
[BlackElo "2070"]
[Result "0-1"]
[Round "1"]
1.e4 c5
2.Ng1f3 Nb8c6
3.Nb1c3 g6
4.Bf1c4 e6
5.e5 a6
6.a3 Bf8g7
7.d3 h6
8.Bc1f4 Ng8e7
9.Qd1d2 b5
10.Bc4a2 Ne7f5
 { time }
0-1

[Event "Tourn. n9333"]
[Site "www.chess-mail.com"]
[Date "2017.06.22"]
[Round "1"]
[White "Passaroa25"]
[Black "Madz123456"]
[WhiteElo "1630"]
[BlackElo "1410"]
[Result "0-1"]
[Round "1"]
1.e4 c5
2.c3 d5
3.e5 Nb8c6
4.Bf1b5 Bc8d7
5.d3 Nc6xe5
6.Bb5xd7 Ne5xd7
7.Ng1e2 e6
8.Nb1d2 Bf8d6
9.Nd2f3 Ng8e7
10.O-O Qd8c7
11.Bc1d2 O-O
12.Bd2f4 Bd6xf4
13.Ne2xf4 Qc7xf4
14.g3 Qf4d6
15.Qd1b3 e5
16.Qb3xb7 Rf8b8
17.Qb7xa8 Rb8xa8
18.d4 cxd4
19.cxd4 e4
20.Nf3e5 Nd7xe5
21.dxe5 Qd6xe5
22.b4 d4
23.a4 d3
24.h4 e3
25.f4 Qe5e4
26.b5 e2
27.Rf1b1 d2
28.Kh2 e1Q
29.Rb1xe1 dxe1R
30.Ra1xe1 Qe4xe1
31.Kg2 Ne7f5
{ resign }
0-1

[Event "Tourn. n9356"]
[Site "www.chess-mail.com"]
[Date "2017.06.22"]
[Round "1"]
[White "Madz123456"]
[Black "Passaroa25"]
[WhiteElo "1470"]
[BlackElo "1640"]
[Result "1-0"]
[Round "1"]
1.e4 c6
2.d4 d6
3.Nb1c3 e6
4.Bc1e3 Nb8d7
5.Ng1f3 h6
6.Bf1d3 Ng8e7
7.O-O Ne7g6
8.e5 Bf8e7
9.Bd3xg6 fxg6
10.Qd1d3 Nd7f8
11.exd6 Be7xd6
12.Rf1e1 Qd8f6
13.Nc3e4 Qf6e7
14.Ne4xd6 Qe7xd6
15.Nf3e5 g5
16.Be3d2 Qd6c7
17.Bd2b4 Rh8g8
18.Qd3f3 Nf8h7
19.Bb4d6 Qc7xd6
20.Qf3f7 Kd8
21.Qf7xg8 Kc7
22.Qg8xg7 Bc8d7
23.Qg7xh7 Qd6xd4
24.Ra1d1 Qd4xf2
25.Kxf2 Ra8d8
26.Rd1xd7 Rd8xd7
27.Qh7xd7 { resign }
1-0

[Event "Tourn. n9319"]
[Site "www.chess-mail.com"]
[Date "2017.06.22"]
[Round "1"]
[White "Pdebonis"]
[Black "Roserl"]
[WhiteElo "2590"]
[BlackElo "2200"]
[Result "1-0"]
[Round "1"]
1.d4 d5
2.c4 e6
3.Nb1c3 Ng8f6
4.cxd5 exd5
5.Bc1g5 Bf8e7
6.e3 O-O
7.Bf1d3 c6
8.Ng1e2 Nb8d7
9.O-O h6
10.Bg5h4 Rf8e8
11.Qd1c2 Nd7f8
12.Ra1c1 Bc8e6
13.h3 Ra8c8
14.a3 a6
15.Bh4g3 Be7d6
16.Ne2f4 Qd8d7
17.Nc3a4 Qd7c7
18.Na4c5 Qc7e7
19.Nf4xe6 Nf8xe6
20.Bg3xd6 Qe7xd6
21.Nc5xb7 Qd6b8
22.Bd3xa6 Rc8c7
23.Nb7d6 Re8e7
24.Ba6d3 Re7d7
25.Nd6f5 c5
26.dxc5 Rc7xc5
27.Qc2d2 Qb8b3
28.Nf5d4 Qb3b6
29.Nd4xe6 fxe6
30.Rc1xc5 Qb6xc5
31.Rf1c1 Qc5b6
32.Rc1c8 Kf7
33.Qd2c2 Ke7
34.Rc8c6 Qb6a5
35.Bd3g6 Qa5e1
36.Kh2 d4
37.Qc2c5 { resign }
1-0

[Event "Tourn. n9405"]
[Site "www.chess-mail.com"]
[Date "2017.06.22"]
[Round "1"]
[White "Coolant"]
[Black "Guidom"]
[WhiteElo "2280"]
[BlackElo "2120"]
[Result "1-0"]
[Round "1"]
1.f4 d5
2.Ng1f3 Ng8f6
3.e3 c6
4.d4 Bc8g4
5.Bf1d3 e6
6.Nb1d2 Bf8e7
7.O-O Nb8d7
8.h3 Bg4xf3
9.Qd1xf3 O-O
10.g4 c5
11.c3 c4
12.Bd3c2 g6
13.e4 Nd7b6
14.e5 Nf6d7
15.f5 exf5
16.gxf5 Be7g5
17.Rf1f2 Qd8e7
18.f6 Qe7e6
19.Nd2f1 Bg5xc1
20.Ra1xc1 Kh8
21.Nf1e3 Rf8g8
22.Kh2 Nd7f8
23.Rc1g1 Nb6d7
24.Ne3g4 a5
25.Ng4h6 b5
26.Nh6xg8 Kxg8
27.Qf3h5 { resign }
1-0

[Event "Tourn. n9423"]
[Site "www.chess-mail.com"]
[Date "2017.06.22"]
[Round "1"]
[White "Bojan"]
[Black "Astroboy"]
[WhiteElo "2000"]
[BlackElo "2050"]
[Result "0-1"]
[Round "1"]
1.e4 Ng8f6
2.Nb1c3 e5
3.Ng1f3 Nb8c6
4.Qd1e2 Bf8c5
5.h3 O-O
6.a3 a5
7.d3 h6
8.Nc3b5 Rf8e8
9.a4 d5
10.Nf3d2 Nc6b4
11.Kd1 dxe4
12.Nd2xe4 Nf6xe4
13.Qe2xe4 Bc5xf2
14.c3 Nb4c6
15.Bf1e2 f5
16.Qe4f3 Bf2c5
17.g4 e4
18.Qf3g3 exd3
19.Be2xd3 Nc6e5
20.Kc2 fxg4
21.Rh1d1 Ne5xd3
22.Qg3xc7 Nd3b4
23.Kb3 Qd8xd1
{ resign }
0-1

[Event "Tourn. n9417"]
[Site "www.chess-mail.com"]
[Date "2017.06.22"]
[Round "1"]
[White "Nulladies"]
[Black "Winston"]
[WhiteElo "1910"]
[BlackElo "1910"]
[Result "1-0"]
[Round "1"]
1.d4 d5
2.Bc1f4 Ng8f6
3.Nb1d2 e6
4.Ng1f3 Bf8d6
5.Nf3e5 Bc8d7
6.e3 Nf6h5
7.Qd1xh5 Nb8c6
8.Qh5xf7 
1-0

[Event "Tourn. n9342"]
[Site "www.chess-mail.com"]
[Date "2017.06.22"]
[Round "1"]
[White "Seger"]
[Black "Pdebonis"]
[WhiteElo "2640"]
[BlackElo "2660"]
[Result "1/2-1/2"]
[Round "1"]
1.d4 Ng8f6
2.c4 e6
3.Nb1c3 Bf8b4
4.Qd1c2 O-O
5.Bc1g5 c5
6.dxc5 Nb8a6
7.a3 Bb4xc3
8.Qc2xc3 Na6xc5
9.Bg5xf6 Qd8xf6
10.Qc3xf6 gxf6
11.e3 b6
12.Ra1d1 Rf8d8
13.Ng1e2 Bc8b7
14.Ne2c3 Bb7c6
15.Bf1e2 Ra8c8
16.Rd1d4 d6
17.O-O Kf8
18.f3 Ke7
19.b4 Nc5a4
20.Rf1c1 Na4xc3
21.Rc1xc3 f5
22.Kf2 h6
23.Rd4h4 Rd8h8
24.h3 d5
25.a4 a5
26.b5 Bc6b7
27.g4 Kf6
28.Kg3 fxg4
29.hxg4 Kg7
30.Rh4h1 Rc8c5
31.Rh1d1 Kf6
32.Rd1h1 Kg7
33.Rh1c1 Rh8c8
{ draw }
1/2-1/2

[Event "Tourn. n9301"]
[Site "www.chess-mail.com"]
[Date "2017.06.22"]
[Round "1"]
[White "Roserl"]
[Black "Orhany24"]
[WhiteElo "2180"]
[BlackElo "2170"]
[Result "1-0"]
[Round "1"]
1.e4 e5
2.Bf1c4 c6
3.Ng1f3 d5
4.exd5 cxd5
5.Bc4b5 Bc8d7
6.Bb5xd7 Nb8xd7
7.O-O f5
8.Rf1e1 Bf8d6
9.d3 Ng8f6
10.Bc1g5 O-O
11.a3 Qd8c7
12.Nb1c3 a6
13.Qd1d2 Ra8e8
14.h3 h6
15.Bg5xf6 Nd7xf6
16.Ra1d1 Kh8
17.Nf3h4 Qc7f7
18.Nh4xf5 Bd6c7
19.Nf5g3 Qf7g6
20.Re1e2 e4
21.dxe4 Bc7xg3
22.fxg3 Qg6xg3
23.exd5 Re8xe2
24.Qd2xe2 Rf8e8
25.Qe2f2 Qg3g5
26.d6 Re8d8
27.Qf2f3 Rd8d7
28.Nc3e4 Nf6xe4
29.Qf3xe4 Qg5c5
30.Qe4d4 Qc5xc2
31.Rd1e1 Qc2g6
32.Re1d1 Qg6e6
33.b4 Kg8
34.Qd4f4 g5
35.Qf4g3 Kh7
36.Qg3d3 Kg7
37.Qd3g3 Kg6
38.h4 g4
39.Rd1d4 h5
40.Qg3d3 Kg7
41.Qd3d2 Qe6f6
42.Rd4d5 { resign }
1-0